000 00322nam a2200133Ia 4500
003 OSt
008 191201s2015 xx 000 0 und d
100 _aSURESH, Padmalatha
245 0 _aManagement of Banking and Financial Services
260 _aN. Delhi
_bPearson
_c2015
300 _a683
650 _aBBA
942 _2ddc
_cBK
999 _c6460
_d6460